000
00329nam a2200133Ia 4500
008
221030s9999 xx 000 0 und d
041
_a
English
082
_a
105.23
100
_a
R. A. Serway
245
0
_a
Physics For Scientists and Engineers with Modern Physics
_c
by R. A. Serway
260
_c
0
650
_a
B
942
_c
BK
999
_c
10743
_d
10743